000 00831nam a22002537a 4500
003 dpl
005 20180802121644.0
008 180802b xxu||||| |||| 00| 0 eng d
010 _aB-159268
020 _c380.00
_a8176296317
035 _aB-159268, B-159289
037 _bCen Lib/Ret
040 _aDPL
_bEN
_c0
082 _a338.954
_bMAH
100 _aMahajan, V. S.
_93140
245 _aManamohan's dream India :
_cby V.S. Mahajan
_bhis vision growth, equity and social change vis-a-vis economic reforms /
260 _aNew Delhi
_bDeep and Deep Publications
_c2005
270 _bNew Delhi
_aF-159, Rajouri Garden
_e110027
300 _axv, 224p.
_c22cmHb)
500 _aIncludes index
650 _aEconomic
_zIndia
_93141
650 _aEconomic strategy
_zIndia
_93142
942 _2ddc
_cEN
_h338.954
_mMAH
999 _c122933
_d122933